<?xml version="1.0" encoding="UTF-8"?>
<record
    xmlns:xsi="http://www.w3.org/2001/XMLSchema-instance"
    xsi:schemaLocation="http://www.loc.gov/MARC21/slim http://www.loc.gov/standards/marcxml/schema/MARC21slim.xsd"
    xmlns="http://www.loc.gov/MARC21/slim">

  <leader>00686cam a22002291  4500</leader>
  <controlfield tag="001">ne 67001276 </controlfield>
  <controlfield tag="003">DLC</controlfield>
  <controlfield tag="005">20260227111833.0</controlfield>
  <controlfield tag="008">850131m19609999le a          000 0 ara  </controlfield>
  <datafield tag="010" ind1=" " ind2=" ">
    <subfield code="a">ne 67001276 </subfield>
  </datafield>
  <datafield tag="035" ind1=" " ind2=" ">
    <subfield code="a">(OCoLC)11643743</subfield>
  </datafield>
  <datafield tag="040" ind1=" " ind2=" ">
    <subfield code="a">DLC</subfield>
    <subfield code="c">ViMcC</subfield>
    <subfield code="d">AzU</subfield>
    <subfield code="d">MH</subfield>
    <subfield code="d">DLC</subfield>
  </datafield>
  <datafield tag="042" ind1=" " ind2=" ">
    <subfield code="a">premarc</subfield>
  </datafield>
  <datafield tag="050" ind1="0" ind2="0">
    <subfield code="a">DS79.66.S3</subfield>
    <subfield code="b">A3</subfield>
  </datafield>
  <datafield tag="100" ind1="1" ind2=" ">
    <subfield code="a">Sal&#x12B;m, Sh&#x101;kir Mu&#x1E63;&#x1E6D;af&#xE1;.</subfield>
  </datafield>
  <datafield tag="245" ind1="1" ind2="0">
    <subfield code="a">Min mudhakkir&#x101;t qawm&#x12B; muta&#x2BC;&#x101;mir /</subfield>
    <subfield code="c">Sh&#x101;kir Mu&#x1E63;&#x1E6D;af&#xE1; Sal&#x12B;m.</subfield>
  </datafield>
  <datafield tag="260" ind1=" " ind2=" ">
    <subfield code="a">[Beirut] :</subfield>
    <subfield code="b">D&#x101;r al-&#x1E6C;al&#x12B;&#x2BB;ah,</subfield>
    <subfield code="c">[1960?-</subfield>
  </datafield>
  <datafield tag="300" ind1=" " ind2=" ">
    <subfield code="a">v. :</subfield>
    <subfield code="b">ill. ;</subfield>
    <subfield code="c">21 cm.</subfield>
  </datafield>
  <datafield tag="600" ind1="1" ind2="0">
    <subfield code="a">Sal&#x12B;m, Sh&#x101;kir Mu&#x1E63;&#x1E6D;af&#xE1;.</subfield>
  </datafield>
  <datafield tag="651" ind1=" " ind2="0">
    <subfield code="a">Iraq</subfield>
    <subfield code="x">Politics and government.</subfield>
  </datafield>
  <datafield tag="650" ind1=" " ind2="0">
    <subfield code="a">Communism</subfield>
    <subfield code="z">Iraq.</subfield>
  </datafield>
  <datafield tag="999" ind1=" " ind2=" ">
    <subfield code="c">49698</subfield>
    <subfield code="d">49698</subfield>
  </datafield>
</record>
